000 00668nam a2200205 a 4500
001 000017521
005 20240412074247.0
008 100326s19uu dr a r 000 p spa d
040 _aDO-SdBNP
_bspa
_cBNPHU
082 _aRD861.44
_bR789d
100 1 _aRosario, Santiago A.,
_d1960-
_938265
245 1 4 _aLos del montón /
_cSantiago A. Rosario.
260 _a[ Santo Domingo] :
_b[s.n.],
_c[19--?].
300 _a32 p. :
_bil. ;
_c14 cm.
500 _aIncluye datos biográficos del autor en la página 3
590 _aInventariado, 2018/BT
650 0 _aPoesía dominicana
_966
650 0 _aLiteratura dominicana.
_967
910 _aValidado. Control de calidad. MFF
999 _c17046
_d17046